000 00696nam a22001937a 4500
999 _c169719
_d169719
005 20191202112136.0
010 _aUR-10640
020 _c300.00
_a9789389358773
035 _aU-9195
037 _bDBAD/PUB
_a-
082 _a270
100 _aمحمد عا لم قا سمی
245 _aتصو ف کا ا يک ا جما لی جا ءز ہ
_cمحمد عا لم قا سمی
246 _bTasawwuf Ka Ek Ijmali Jaeza (Urdu)
_aby Moulana Mohd. Alam Qasmi
260 _aDelhi
_bEducational Publishing House
_c2019 ء
270 _a3191,Vakil Street, Kucha Pandit,Lal Kuan,
_bDelhi
_e110006
_k01123216162
_l-
300 _a174 ص
_c22 Cm(Hb)
942 _2ddc
_cUR
_h270
_mق ا س